Normal view
MARC view
Entry Personal Name
Number of records used in: 251
001 - CONTROL NUMBER
- control field: 37323
003 - CONTROL NUMBER IDENTIFIER
- control field: dpl
005 - DATE AND TIME OF LATEST TRANSACTION
- control field: 20111221151715.0
008 - FIXED-LENGTH DATA ELEMENTS
- fixed length control field: 111221|||a|||||| | ||| d
040 ## - CATALOGING SOURCE
- Original cataloging agency: dpl
- Transcribing agency: dpl
100 ## - HEADING--PERSONAL NAME
- Personal name: ਗੁਰਦੀਪ ਸਿੰਘ
670 ## - SOURCE DATA FOUND
- Source citation: Work cat.: (dpl): ਗੁਰਦੀਪ ਸਿੰਘ, ਕੁਕਨੂਸ ਜੀ ਪਿਆ/, 2010
670 ## - SOURCE DATA FOUND
- Source citation: Work cat.: (dpl): ਗੁਰਦੀਪ ਸਿੰਘ, ਕੁਕਨੂਸ ਜੀ ਪਿਆ/, 2010
